ULTRA MUSIC FESTIVAL MIAMI 2025's Schedule - Statistiques

Statistiques générales
  • Ce quiz a été pris 10 fois
  • Le résultat moyen est 10 sur 26
Statistiques - réponses
Hint Réponse % Correct
8.45pm Martin Garrix
88%
9.25pm Alesso
75%
8.20pm Afrojack
63%
5.55pm Armin Van Buuren
63%
11.00pm Hardwell
63%
9.40pm Skrillex
63%
7.00pm Tiësto
63%
7.00pm Anyma B2B Solomun
50%
4.20pm Steve Aoki
50%
4.50pm Timmy Trumpet
50%
8.35pm Axwell
38%
4.50pm Morten
38%
5.55pm Subtronics
38%
7.35pm Zedd
38%
10.30pm Everything Always (Dom Dolla & John Summit)
25%
2.40pm Franck Walker
25%
6.30pm Gryffin
25%
1.35pm Kapuchon
25%
4.00pm Sam Feldt
25%
12.30pm Gil Glaze
13%
12.15pm Jev
13%
3.45pm Joel Corry
13%
1.05pm Mykris
13%
2.10pm Odd Mob
13%
3.15pm Sonny Fodera
13%
5.25pm Special Guest
13%
Aucun quiz correspondant
Distribution des résultats
% des personnes avec chaque résultat
Percentile par nombre de réponses
Votre historique - résultats
Vous n’avez pas pris ce quiz